| 000 | 00330nam a22001217a 4500 | ||
|---|---|---|---|
| 005 | 20170620151034.0 | ||
| 008 | 170620b xxu||||| |||| 00| 0 eng d | ||
| 041 | _aeng | ||
| 245 |
_aCIVIL ENGINEERING : _bSSC- JEn 2016 objective questions (previous years solved papers) |
||
| 260 | _bENGINEERS ACADEMY | ||
| 300 | _a300 | ||
| 942 | _cBK | ||
| 999 |
_c5471 _d5469 |
||